000 00448nam a2200157Ia 4500
008 210210b1996 xxu||||| |||| 00| 0 eng d
020 _a0 521 44654 6
082 _a792.03 STAC
100 _aSTANTON (Sarah) and BANHAM (Martin).
245 _aCambridge paperback guide to theatre.
260 _aNY
_bCambridge University Press
_c1996
300 _aix,419
650 _aCambridge guide theatre dictionary
690 _aTheatre
906 _a052035
999 _c100313
_d100313